00933nam a2200229 a 4500001001000000003000900010005001700019008004100036040002500077082001900102100002600121245007400147260003600221300002100257590007500278650004000353650004700393910003700440942001400477952019500491999001700686000034888DO-SdBNP20250617121546.0111021s1974 ag 000 0 spa d aDO-SdBNPbspacBNPHU a306.362bC626a1 aClementi, Hebe96044713aLa abolición de la esclavitud en América Latina /cHebe Clementi. aBuenos Aires :bPleyade,c1974. a219 p. ;c20 cm. aPerteneció a la biblioteca personal de Juan Isidro Jimenes-Grullón 0aEsclavitudzAmérica Latina913499 0aTrata de esclavoszAmérica Latina921366 aValidado. Control de calidad MFF 2ddccLBS1 001052708MOaGRbGRcHDd2011-10-21iLF1l0o306.362 C626ap34888-10r2020-06-25w2020-06-25y2zPerteneció a la biblioteca personal de Juan Isidro Jimenes GrullónZPréstamo interno c34379d34379